LABORATORY MANUAL FOR TRANSISTOR AND SEMICONDUCTOR DEVICES (Record no. 583317)
[ view plain ]
| 000 -LEADER | |
|---|---|
| fixed length control field | 00342nam a22001217a 4500 |
| 020 ## - INTERNATIONAL STANDARD BOOK NUMBER | |
| International Standard Book Number | 13-521203-0 |
| 082 ## - DEWEY DECIMAL CLASSIFICATION NUMBER | |
| Classification number | 621.381528 COU'L |
| 100 ## - MAIN ENTRY--PERSONAL NAME | |
| Personal name | ROSCOE, B. M,COUGHLIN, R. F,KIDD, J. W |
| 9 (RLIN) | 78157 |
| 245 ## - TITLE STATEMENT | |
| Title | LABORATORY MANUAL FOR TRANSISTOR AND SEMICONDUCTOR DEVICES |
| 260 ## - PUBLICATION, DISTRIBUTION, ETC. | |
| Place of publication, distribution, etc. | NEWJERSCY |
| Name of publisher, distributor, etc. | PRENTICE HALL |
| Date of publication, distribution, etc. | 1968 |
| 300 ## - PHYSICAL DESCRIPTION | |
| Extent | 148P |
| 942 ## - ADDED ENTRY ELEMENTS (KOHA) | |
| Koha item type | Book |
| Withdrawn status | Lost status | Damaged status | Not for loan | Permanent Location | Current Location | Shelving location | Date acquired | Total Checkouts | Full call number | Barcode | Date last seen | Price effective from | Koha item type |
|---|---|---|---|---|---|---|---|---|---|---|---|---|---|
| College of Electrical & Mechanical Engineering (CEME) | College of Electrical & Mechanical Engineering (CEME) | General Stacks | 06/14/2017 | 621.381528 COU'L | CEME-8405 | 06/28/2021 | 06/28/2021 | Book |
